Holy Roman Empire Countries - Sudden Death - Statistics

General Stats
  • This quiz has been taken 97 times
  • The average score is 8 of 15
Answers on the Grid
Answers color-coded by a green-red scale on the quiz's grid according to % correct below.
Austria
Belgium
Croatia
France
Germany
Italy
Liechtenstein
Luxembourg
Monaco
Poland
Slovenia
San Marino
Vatican City
Switzerland
Netherlands
Slovakia
Greece
Ukraine
United Kingdom
Spain
Portugal
Denmark
Sweden
Estonia
Latvia
Lithuania
Belarus
Malta
Bosnia and Herzegovina
Serbia
 
Answer Stats
Answer % Correct
Germany
70%
Austria
68%
Belgium
68%
Italy
68%
France
64%
Liechtenstein
64%
Switzerland
61%
Poland
59%
Luxembourg
57%
Netherlands
57%
Slovenia
46%
San Marino
39%
Vatican City
36%
Monaco
30%
Croatia
29%
No matching quizzes found
Score Distribution
Percent of People with Each Score
Percentile by Number Answered
Your Score History
You have not taken this quiz